The Red Quiz Stats

 Plays Quiz Updated Dec 27, 2018

Score 0/30 Timer 06:00
4 Plays Today
Clue Answer % Correct
It's rolled out for celebritiesRed Carpet
98.9%
Red (poisoned) fruit given to Snow WhiteRed Apple
98.4%
Energy drink that gives you wiiiingsRed Bull
96.6%
Caught in the actRed Handed
95.3%
Beef or lamb for exampleRed Meat
94.9%
Rudolph's schnozzRed Nose
94.7%
Drink made from dark colored grape varietiesRed Wine
90.8%
Boston MLB teamRed Sox
89.7%
Humanitarian organization founded by Clara BartonAmerican Red Cross
89%
Highest state of emergencyRed Alert
84.6%
It transports oxygen around the bodyRed Blood Cell
83.8%
Flushed with embarrassment or angerRed Faced
81.4%
Animal associated with cunning behaviorRed Fox
79.7%
Flight leaving very late at nightRed Eye
78%
Chain of seafood restaurantsRed Lobster
77.3%
Clue Answer % Correct
Derogatory term for rural, poor white peopleRedneck
75.3%
British soldier, during the American RevolutionRedcoat
72.9%
Excessive bureaucracy regarding official rules and formalitiesRed Tape
70.3%
Detroit NHL teamRed Wings
67.8%
Area of a football fieldRed Zone
67.7%
Small arboreal mammal native to ChinaRed Panda
67.4%
A misleading or distracting clueRed Herring
67%
Largest mammal native to AustraliaRed Kangaroo
63.4%
Manfred von RichthofenRed Baron
58.7%
Cinnamon flavored hard candyRed Hot
55.6%
Thomas Harris' novel or creature on the Welsh flagRed Dragon
55%
Burger chain that originated in Seattle, WARed Robin
53.4%
Tom Clancy's Typhoon class submarineRed October
52.9%
Small, old, relatively cool star, or a British comedy TV showRed Dwarf
50.6%
Large star of high luminosityRed Giant
42.4%

You're not logged in!

Compare scores with friends on all Sporcle quizzes.
OR
Log In

You Might Also Like...

Show Comments

Extras

Top Quizzes Today


Score Distribution

Your Account Isn't Verified!

In order to create a playlist on Sporcle, you need to verify the email address you used during registration. Go to your Sporcle Settings to finish the process.

Report this User

Report this user for behavior that violates our Community Guidelines.

Details: